000 00625nam a22001937a 4500
005 20241118191231.0
008 241118b |||||||| |||| 00| 0 eng d
020 _a9780618606252
050 _aQA303.2
_b.L383
100 _aLarson, Ron
245 _aCalculus of a single variable/
_bearly transcendental functions
_cRon Larson, Robert Hostetler & Bruce H. Edwards
250 _a4th Ed.
260 _aBoston
_bHoughton Mifflin Company
_c2007
300 _axxiii.760.various pagings
_bill. some color
_c27cm
650 _2Calculus
700 _aHostetler, Robert
700 _aEdwards, Bruce H.
942 _2lcc
_cBK
_e4th Ed.
_n0
999 _c1322
_d1322